00761nam a2200181 i 450000100060000000300090000600500170001500700030003200800410003511100650007624501620014126000540030330000110035771000540036885200200042299900170044295201200045946234ES-MaACL20230906161339.0t|030328s1925 sp ||||1| spa d2 aConferencia Nacional de la Minería (d1925. cMadrid)921810aConferencia Nacional de la Minería [celebrado] durante los días 18 al 23 de abril de 1925 / cPresidencia de Gobierno, Consejo de la Economía Nacional. aMadrid : b[s.n., c1925] (fGráficas Reunidas) a461 p.2 aConsejo de Economía Nacional (España)9171209 aES-MaACLjG-828 c46234d46234 00104070aATENEOMbATENEOMcDEPO2d2008-01-17eSCl0oG-828p1048631r2023-02-23 00:00:00w2023-02-23yMONOGRAFIA